| 000 | 01565cam a2200445 i 4500 | ||
|---|---|---|---|
| 999 |
_c24439 _d24439 |
||
| 001 | vtls001472280 | ||
| 003 | NUKAT | ||
| 005 | 20190903143929.0 | ||
| 008 | 091124s2009 pl a |000 0 pol c | ||
| 020 | _a9788361486220 | ||
| 035 | _axx001472280 | ||
| 039 | 9 |
_a201102161136 _bvpubwa _c201010141120 _daekr _c201009171119 _dkopub _c201005111552 _dugd |
|
| 040 |
_aTOR U/MoM _cTOR U/MoM _dTOR U/LF _dPOZN U/JRs |
||
| 041 | 0 |
_apol _beng |
|
| 099 | _ahh_779708 | ||
| 245 | 0 | 0 |
_aModele zagrożeń aglomeracji miejskiej wraz z systemem zarządzania kryzysowego na przykładzie miasta stołecznego Warszawy : _bpraca zbiorowa / _cpod red. Andrzeja Najgebauera. |
| 260 |
_aWarszawa : _bWojskowa Akademia Techniczna, _c2009. |
||
| 300 |
_a827 s. : _bil. kolor. ; _c25 cm. |
||
| 336 |
_2rdacontent _aTekst _btxt |
||
| 337 |
_2rdamedia _aBez urządzenia pośredniczącego _bn |
||
| 338 |
_2rdacarrier _aWolumin _bnc |
||
| 504 | _aBibliogr. przy pracach. | ||
| 546 | _aStreszcz. ang. przy pracach. | ||
| 650 |
_aBezpieczeństwo w miastach _zPolska _zWarszawa. |
||
| 650 |
_aObrona cywilna _zPolska _zWarszawa. |
||
| 650 |
_aZarządzanie kryzysowe _xinformatyka _zPolska _zWarszawa. |
||
| 650 |
_aZarządzanie kryzysowe _zPolska _zWarszawa. |
||
| 700 | 1 |
_aNajgebauer, Andrzej. _eRed. |
|
| 920 | _a978-83-61486-22-0 | ||
| 942 |
_2ddc _cBK |
||
| 960 | _aGD_U | ||
| 967 | _aLUBL_U | ||